[Event "4NCL 2014-15"]
[Site "Hinckley Island ENG"]
[Date "2015.02.15"]
[Round "6.146"]
[White "Fallowfield, Jeremy R"]
[Black "Morris, Charles F"]
[Result "1/2-1/2"]
[WhiteElo "2047"]
[BlackElo "2152"]
[WhiteTeam "Warwickshire Select 1"]
[BlackTeam "South Wales Dragons"]
[WhiteFideId "405450"]
[BlackFideId "1800140"]
[EventDate "2014.11.15"]

1. e4 e6 2. d3 d5 3. Qe2 Nf6 4. Nf3 Be7 5. g3 c5 6. Bg2 Nc6 7. O-O O-O 8. e5 Nd7
9. c4 Ndb8 10. h4 a6 11. Bf4 b5 12. b3 Ra7 13. Nbd2 h6 14. h5 Rd7 15. Rfe1 Nb4
16. Red1 N8c6 17. Nf1 dxc4 18. dxc4 Nd4 19. Nxd4 cxd4 20. a3 d3 21. Qg4 f5 22.
exf6 Bxf6 23. axb4 Bxa1 24. Rxa1 Rd4 25. Qd1 bxc4 26. bxc4 Rxc4 27. Be3 Qf6 28.
Qxd3 Rxb4 1/2-1/2

[Event "4NCL 2014-15"]
[Site "Hinckley Island ENG"]
[Date "2015.02.15"]
[Round "6.147"]
[White "Jameson, David"]
[Black "Stepanyan, Henrik"]
[Result "1/2-1/2"]
[WhiteElo "2068"]
[BlackElo "2042"]
[WhiteTeam "South Wales Dragons"]
[BlackTeam "Warwickshire Select 1"]
[WhiteFideId "1801538"]
[BlackFideId "401030"]
[EventDate "2014.11.15"]

1. e4 e5 2. Nf3 Nc6 3. d4 exd4 4. Nxd4 Bc5 5. Nxc6 Qf6 6. Qf3 bxc6 7. Nc3 Qxf3
8. gxf3 Rb8 9. Rg1 Ne7 10. Rxg7 Ng6 11. Bc4 Ne5 12. Be2 Ng6 13. Bc4 Ne5 14. Bb3
Nxf3+ 15. Kd1 Ne5 16. f4 Ng6 17. f5 Bd4 18. Rxf7 Rxb3 19. fxg6 hxg6 20. axb3
Kxf7 21. Bf4 d6 22. Ne2 Bb6 23. Kd2 Bg4 24. b4 Ke6 25. Bg3 Bxe2 1/2-1/2

[Event "4NCL 2014-15"]
[Site "Hinckley Island ENG"]
[Date "2015.02.15"]
[Round "6.163"]
[White "Grund, Holger"]
[Black "Longson, Alexander"]
[Result "0-1"]
[BlackTitle "FM"]
[WhiteElo "2404"]
[BlackElo "2339"]
[WhiteTeam "Grantham Sharks 1"]
[BlackTeam "e2e4.org.uk 1"]
[WhiteFideId "4624475"]
[BlackFideId "408093"]
[EventDate "2014.11.15"]

1. e4 c5 2. Nf3 d6 3. Bb5+ Nd7 4. c3 Nf6 5. Qe2 a6 6. Ba4 e6 7. O-O Be7 8. d4 b5
9. Bc2 Bb7 10. a4 O-O 11. Nbd2 e5 12. Rd1 Qc7 13. dxe5 dxe5 14. Nh4 g6 15. Nf1
c4 16. Ng3 Nc5 17. Bg5 Ne6 18. Bh6 Rfd8 19. h3 b4 20. Rxd8+ Rxd8 21. Rd1 Rxd1+
22. Bxd1 Nf4 23. Qd2 Nxe4 24. Nxe4 Bxe4 25. Nf3 Nd3 26. Ng5 Bd5 27. Be2 bxc3 28.
bxc3 e4 29. Bxd3 cxd3 30. c4 Qxc4 31. Qb2 Bf8 32. Bxf8 Kxf8 33. Nxh7+ Ke7 34.
Qe5+ Be6 35. Qg5+ Kd6 36. Nf6 Kc6 37. Qf4 Qd4 38. Qxe4+ Kc5 0-1

[Event "4NCL 2014-15"]
[Site "Hinckley Island ENG"]
[Date "2015.02.15"]
[Round "6.186"]
[White "Altschuler, Jason"]
[Black "Walker, Nicholas P"]
[Result "1-0"]
[WhiteElo "2060"]
[BlackElo "2170"]
[WhiteTeam "Oxford 1"]
[BlackTeam "Hackney 1"]
[WhiteFideId "2005050"]
[BlackFideId "421901"]
[EventDate "2014.11.15"]

1. e4 Nc6 2. Nf3 e5 3. Bb5 g6 4. d4 exd4 5. c3 dxc3 6. Nxc3 d6 7. Bg5 Be7 8. Qd4
f6 9. Nd5 a6 10. Ba4 Kf7 11. Qc3 Be6 12. Bb3 Bxd5 13. Bxd5+ Kg7 14. Rc1 h6 15.
Be3 Qd7 16. Qb3 Nd8 17. Qc3 c6 18. Bb3 a5 19. a3 Kh7 20. O-O h5 21. Rfd1 Qg4 22.
Bc2 Nh6 23. Bd4 Ne6 24. h3 Nxd4 25. Rxd4 Qf4 26. Rcd1 Nf7 27. e5 Qh6 28. exd6
Bd8 29. Qb3 1-0

[Event "4NCL 2014-15"]
[Site "Hinckley Island ENG"]
[Date "2015.03.28"]
[Round "7.111"]
[White "Cobb, James"]
[Black "Aagaard, Jacob"]
[Result "1/2-1/2"]
[WhiteTitle "IM"]
[BlackTitle "GM"]
[WhiteElo "2423"]
[BlackElo "2525"]
[WhiteTeam "South Wales Dragons"]
[BlackTeam "Wood Green HK"]
[WhiteFideId "1800949"]
[BlackFideId "1401815"]
[EventDate "2014.11.15"]

1. Nf3 Nf6 2. c4 c6 3. Nc3 d5 4. e3 e6 5. b3 Bd6 6. Bb2 Nbd7 7. d4 O-O 8. Be2
Re8 9. O-O Qe7 10. Qc2 dxc4 11. Bxc4 h6 12. Ne4 Nxe4 13. Qxe4 e5 14. dxe5 Nxe5
15. Nxe5 Bxe5 16. Bxe5 Qxe5 17. Qxe5 Rxe5 18. Rfd1 Kf8 19. Rd8+ Re8 20. Rad1 a5
21. a4 Rb8 22. R8d4 b5 23. axb5 cxb5 24. Bd5 Rd8 25. Kf1 Ke7 26. Ra1 a4 27. bxa4
bxa4 28. Raxa4 Rb1+ 29. Ke2 Rb2+ 30. Kf3 Rxd5 31. Rxd5 Bb7 32. Ra7 Kf6 33. Rxb7
Rxb7 34. g4 Kg6 35. h4 f6 36. Kf4 Rb2 37. f3 Re2 38. e4 Rh2 39. Kg3 Re2 40. Rb5
Kh7 41. Kf4 Rh2 42. h5 Re2 43. Rb3 Ra2 44. Rd3 Ra5 45. Ke3 Ra4 46. Rb3 Kg8 47.
Kf4 Ra5 48. Rd3 Kh7 49. Re3 Kg8 50. Rb3 Kh7 51. Rb7 Ra3 52. Re7 Kg8 53. Kf5 Kh7
54. f4 Rf3 55. Re8 Rf1 56. e5 fxe5 57. Rxe5 Rf2 58. Re4 Rf1 59. Ke6 Rg1 60. f5
Kg8 61. Ke7 Rg2 62. f6 gxf6 63. Kxf6 Kh7 64. Re7+ Kh8 65. Kf5 Rg1 1/2-1/2

[Event "4NCL 2014-15"]
[Site "Hinckley Island ENG"]
[Date "2015.03.28"]
[Round "7.112"]
[White "Speelman, Jon S"]
[Black "Cooper, John G"]
[Result "1-0"]
[WhiteTitle "GM"]
[BlackTitle "IM"]
[WhiteElo "2501"]
[BlackElo "2339"]
[WhiteTeam "Wood Green HK"]
[BlackTeam "South Wales Dragons"]
[WhiteFideId "400033"]
[BlackFideId "1800027"]
[EventDate "2014.11.15"]

1. c4 e6 2. Nf3 d5 3. d4 c5 4. cxd5 exd5 5. Bg5 Be7 6. Bxe7 Nxe7 7. dxc5 O-O 8.
Nc3 Na6 9. e3 Nxc5 10. Rc1 Be6 11. Nd4 Qb6 12. Rc2 Ne4 13. Bd3 Nxc3 14. bxc3 Bd7
15. Qd2 Rac8 16. O-O Rc7 17. c4 Rfc8 18. Rb2 Qf6 19. c5 Bf5 20. g3 Be4 21. Rfb1
Nf5 22. Rxb7 Nxd4 23. Bxe4 Rxb7 24. Rxb7 Nf3+ 25. Bxf3 Qxf3 26. Rd7 Rb8 27. Qb4
Rc8 28. c6 d4 29. Qb7 Rf8 30. Rxd4 1-0

[Event "4NCL 2014-15"]
[Site "Hinckley Island ENG"]
[Date "2015.03.28"]
[Round "7.113"]
[White "Dineley, Richard"]
[Black "Vakhidov, Jahongir"]
[Result "0-1"]
[BlackTitle "GM"]
[WhiteElo "2253"]
[BlackElo "2508"]
[WhiteTeam "South Wales Dragons"]
[BlackTeam "Wood Green HK"]
[WhiteFideId "1800680"]
[BlackFideId "14201801"]
[EventDate "2014.11.15"]

1. e4 d5 2. exd5 Qxd5 3. Nf3 Nf6 4. d4 g6 5. Be2 Bg7 6. O-O O-O 7. c4 Qd8 8. Nc3
c6 9. h3 Na6 10. Bf4 Bf5 11. Qb3 Qc8 12. Rfe1 Re8 13. Bf1 Bd7 14. Rad1 Nc7 15.
Ne5 Ne6 16. Be3 Nf8 17. Nxd7 N6xd7 18. d5 c5 19. g3 a6 20. Bg2 Ra7 21. a4 Qc7
22. Qc2 Raa8 23. b3 Rad8 24. Ne4 Qb6 25. Rb1 Qc7 26. Rbd1 e6 27. Ng5 exd5 28.
Bxd5 Ne5 29. Bf4 Rd7 30. Bg2 Qd8 31. Rxd7 Nfxd7 32. Rd1 h6 33. Nf3 Nc6 34. Qd3
Qb6 35. Rd2 Nd4 36. Nxd4 cxd4 37. Re2 Rf8 38. Re7 Nc5 39. Qf3 g5 40. Bc7 Qf6 41.
Re1 Qxf3 42. Bxf3 Nxb3 43. Rd1 Rc8 44. Bb6 Rxc4 45. Bd5 Rb4 46. Rb1 Rxb6 47.
Rxb3 Rd6 48. Be4 b6 49. Kf1 Re6 50. f3 Bf8 51. Bb7 a5 52. Be4 Bb4 53. g4 Kg7 54.
Ke2 Kf6 55. Kd3 Ke5 56. Rb2 h5 57. gxh5 f5 58. Bb7 Rh6 59. Re2+ Kf4 60. Kxd4
Rxh5 61. Re6 Bc5+ 62. Kc4 Rxh3 63. Rf6 Ke5 64. Rf7 Rh4+ 0-1

[Event "4NCL 2014-15"]
[Site "Hinckley Island ENG"]
[Date "2015.03.28"]
[Round "7.114"]
[White "Greet, Andrew N"]
[Black "Redmond, John P."]
[Result "1/2-1/2"]
[WhiteTitle "IM"]
[WhiteElo "2454"]
[BlackElo "2249"]
[WhiteTeam "Wood Green HK"]
[BlackTeam "South Wales Dragons"]
[WhiteFideId "405817"]
[BlackFideId "2500051"]
[EventDate "2014.11.15"]

1. d4 e6 2. c4 Nf6 3. g3 d5 4. Nf3 Bb4+ 5. Bd2 Be7 6. Bg2 c6 7. Qc2 O-O 8. O-O
Nbd7 9. Bf4 Nh5 10. Bc1 Nhf6 11. Nbd2 b6 12. e4 Bb7 13. e5 Ne8 14. cxd5 cxd5 15.
Re1 Qc7 16. Qb3 Rc8 17. Bf1 Nb8 18. a3 Ba6 19. Bxa6 Nxa6 20. Nf1 Qc2 21. Qxc2
Rxc2 22. Ne3 Rc8 23. Bd2 Nec7 24. Rec1 Na8 25. Kf1 Nb8 26. Bb4 Bxb4 27. axb4 a6
28. Rxc8 Rxc8 29. b5 Nc7 30. bxa6 Ncxa6 31. Ke2 Kf8 32. Ne1 Nb4 33. Ra8 N4c6 34.
N1c2 Ke7 35. f4 Rc7 36. f5 Ra7 37. Rxa7+ Nxa7 38. g4 f6 39. fxe6 Kxe6 40. exf6
gxf6 41. Nb4 Nac6 42. Nexd5 Nxd4+ 43. Ke3 Nc2+ 44. Ke4 Nxb4 45. Nxb4 Nd7 46. Nd3
Nc5+ 47. Nxc5+ bxc5 48. h4 Kd6 49. Kf5 Ke7 50. h5 Kf7 51. g5 fxg5 52. Kxg5 c4
53. Kf5 Kg7 1/2-1/2

[Event "4NCL 2014-15"]
[Site "Hinckley Island ENG"]
[Date "2015.03.28"]
[Round "7.115"]
[White "Zeidler, Sven P."]
[Black "Shaw, John"]
[Result "0-1"]
[WhiteTitle "FM"]
[BlackTitle "GM"]
[WhiteElo "2225"]
[BlackElo "2430"]
[WhiteTeam "South Wales Dragons"]
[BlackTeam "Wood Green HK"]
[WhiteFideId "1800604"]
[BlackFideId "2400553"]
[EventDate "2014.11.15"]

1. e4 c5 2. f4 d5 3. exd5 Nf6 4. Bb5+ Nbd7 5. c4 a6 6. Bxd7+ Qxd7 7. Nf3 e6 8.
Ne5 Qc7 9. Qe2 Bd6 10. dxe6 Bxe6 11. b3 O-O-O 12. Bb2 Rhe8 13. O-O Ng8 14. Qf2
f6 15. Nd3 Bf5 16. Nc1 g5 17. Nc3 Bxf4 18. Nd5 Rxd5 19. cxd5 Bxh2+ 20. Kh1 Bg4
21. Nd3 Bd6 22. Rae1 Rd8 23. Rc1 Qf7 24. Rxc5+ Kb8 25. g3 Qh5+ 26. Kg1 Be2 27.
Bxf6 Rf8 28. Be5 Rxf2 29. Bxd6+ Ka7 30. Rxf2 Bxd3 31. Rc8 a5 32. a4 Be4 33. Rff8
Bxd5 34. Bc5+ b6 35. Rc7+ Bb7 36. Be3 Qh1+ 37. Kf2 Qg2+ 38. Ke1 Qxg3+ 0-1

[Event "4NCL 2014-15"]
[Site "Hinckley Island ENG"]
[Date "2015.03.28"]
[Round "7.116"]
[White "McDonald, Neil"]
[Black "Morris, Charles F"]
[Result "1-0"]
[WhiteTitle "GM"]
[WhiteElo "2415"]
[BlackElo "2152"]
[WhiteTeam "Wood Green HK"]
[BlackTeam "South Wales Dragons"]
[WhiteFideId "400629"]
[BlackFideId "1800140"]
[EventDate "2014.11.15"]

1. e4 e6 2. d4 d5 3. Nd2 Be7 4. Ngf3 Nf6 5. Bd3 c5 6. e5 Nfd7 7. c3 b6 8. a4 Ba6
9. Bb5 Qc8 10. O-O cxd4 11. cxd4 Nc6 12. Nb1 Bxb5 13. axb5 Nb4 14. Bd2 a5 15.
Nc3 Qc4 16. Ra3 Nd3 17. b3 Qc7 18. Ra1 Bb4 19. Na2 Ba3 20. Qb1 N3xe5 21. dxe5
Nxe5 22. Nxe5 Qxe5 23. Re1 Qf6 24. Bc3 d4 25. Qe4 Rd8 26. Qc6+ Kf8 27. Bd2 Bc5
28. b4 axb4 29. Bxb4 Qe7 30. Rab1 g6 31. Bxc5 Qxc5 32. Rec1 Qd6 33. Nb4 Kg7 34.
Qxd6 Rxd6 35. Rc6 Rhd8 36. Kf1 e5 37. Ke2 e4 38. Rbc1 d3+ 39. Kd2 Rd4 40. R1c4
f5 41. Na2 Rxc4 42. Rxc4 Ra8 43. Nc3 Ra3 44. f3 Rb3 45. fxe4 fxe4 46. Rxe4 Rb2+
47. Kxd3 Rxg2 48. Re2 Rg5 49. Kd4 h5 50. Nd5 h4 51. Rb2 h3 52. Rb3 Rg4+ 53. Ke5
Rc4 54. Rxh3 1-0

[Event "4NCL 2014-15"]
[Site "Hinckley Island ENG"]
[Date "2015.03.28"]
[Round "7.117"]
[White "Jameson, David"]
[Black "Arvola, Benjamin"]
[Result "0-1"]
[BlackTitle "FM"]
[WhiteElo "2068"]
[BlackElo "2314"]
[WhiteTeam "South Wales Dragons"]
[BlackTeam "Wood Green HK"]
[WhiteFideId "1801538"]
[BlackFideId "1506536"]
[EventDate "2014.11.15"]

1. d4 Nf6 2. c4 e6 3. Nf3 d5 4. g3 Be7 5. Bg2 O-O 6. O-O dxc4 7. Qc2 a6 8. Rd1
b5 9. Ne5 Nd5 10. a4 Bb7 11. axb5 axb5 12. Rxa8 Bxa8 13. e4 Nb4 14. Qe2 Nd7 15.
Ng4 Nd3 16. b3 Nb6 17. Be3 Bb4 18. bxc4 bxc4 19. Nd2 Nb2 20. Rc1 c3 21. Nb1 N6a4
22. Ne5 c5 23. dxc5 f6 24. Nc4 Qd3 25. Qxd3 Nxd3 26. Rf1 Naxc5 27. Nba3 Nxe4 28.
Nc2 Bc5 29. f3 Bxe3+ 30. N4xe3 Nd2 31. Rd1 Rb8 32. Ne1 Nxe1 33. Rxe1 Nxf3+ 34.
Bxf3 Bxf3 35. Rc1 Rc8 36. Kf2 Be4 37. g4 c2 38. Ke1 f5 39. gxf5 exf5 0-1

[Event "4NCL 2014-15"]
[Site "Hinckley Island ENG"]
[Date "2015.03.28"]
[Round "7.118"]
[White "Hegarty, Sarah N"]
[Black "Lochte, Szilvia"]
[Result "1-0"]
[WhiteTitle "WFM"]
[WhiteElo "2078"]
[BlackElo "1934"]
[WhiteTeam "Wood Green HK"]
[BlackTeam "South Wales Dragons"]
[WhiteFideId "2501465"]
[BlackFideId "708410"]
[EventDate "2014.11.15"]

1. e4 c5 2. Nf3 e6 3. d4 cxd4 4. Nxd4 a6 5. Nc3 Bc5 6. Nb3 Ba7 7. a4 Nc6 8. Bf4
e5 9. Bg3 Nf6 10. Bc4 d6 11. Bh4 Nd4 12. Nd5 Be6 13. Nxd4 Bxd5 14. Nf5 Bxc4 15.
Nxd6+ Kf8 16. Nxc4 Qxd1+ 17. Rxd1 Nxe4 18. f3 Nc5 19. a5 f6 20. Bf2 Ke7 21. b4
Nd7 22. Bxa7 Rxa7 23. Ke2 Rc8 24. Ne3 Ke6 25. g4 b6 26. Rd2 bxa5 27. bxa5 Rc5
28. Rhd1 g6 29. Rd6+ Ke7 30. R6d3 Rxa5 31. Nd5+ Ke6 32. Nb4 Rc5 33. Rd6+ Ke7 34.
Nc6+ Rxc6 35. Rxc6 a5 36. Rdd6 Rb7 37. Rd5 Nb8 38. Rc8 a4 39. Ra5 Kd7 40. Rh8
Rb4 41. Rxh7+ Kd6 42. Rf7 Ke6 43. Rc7 Kd6 44. Rc3 f5 45. h3 Ke6 46. Rcc5 Kd6 47.
Rd5+ Kc7 48. gxf5 gxf5 49. Rdb5 Rxb5 50. Rxb5 Nc6 51. c3 a3 52. Rb1 1-0

[Event "4NCL 2014-15"]
[Site "Hinckley Island ENG"]
[Date "2015.03.28"]
[Round "7.121"]
[White "Pitcher, John"]
[Black "Adair, James R"]
[Result "0-1"]
[BlackTitle "IM"]
[WhiteElo "2232"]
[BlackElo "2421"]
[WhiteTeam "Warwickshire Select 1"]
[BlackTeam "White Rose 1"]
[WhiteFideId "411485"]
[BlackFideId "406252"]
[EventDate "2014.11.15"]

1. e4 c5 2. f4 d5 3. Nc3 dxe4 4. Nxe4 e6 5. Nf3 Nc6 6. Bb5 Bd7 7. O-O Nf6 8. Qe2
a6 9. Bxc6 Bxc6 10. Nxf6+ gxf6 11. d3 Rg8 12. Bd2 Qd5 13. Rae1 O-O-O 14. Bc3 Be7
15. Rf2 Qf5 16. Nd2 Rg4 17. Ne4 Rdg8 18. Qe3 Qg6 19. Ree2 f5 20. Ng5 Bd6 21. g3
h6 22. h3 Qh5 0-1

[Event "4NCL 2014-15"]
[Site "Hinckley Island ENG"]
[Date "2015.03.28"]
[Round "7.122"]
[White "Gourlay, Iain"]
[Black "Thomas, Nicholas"]
[Result "1-0"]
[WhiteTitle "FM"]
[BlackTitle "FM"]
[WhiteElo "2378"]
[BlackElo "2268"]
[WhiteTeam "White Rose 1"]
[BlackTeam "Warwickshire Select 1"]
[WhiteFideId "2401533"]
[BlackFideId "402117"]
[EventDate "2014.11.15"]

1. Nf3 c5 2. c4 Nc6 3. g3 g6 4. Bg2 Bg7 5. O-O e5 6. Nc3 Nge7 7. d3 d6 8. Rb1
O-O 9. a3 a5 10. Ne1 Be6 11. Bg5 f6 12. Be3 b6 13. Nd5 Rb8 14. b4 axb4 15. Nxe7+
Nxe7 16. axb4 Qd7 17. Nc2 Bh3 18. Na3 Bxg2 19. Kxg2 f5 20. f3 f4 21. Bf2 Ra8 22.
Nb5 h5 23. Nc3 Bh6 24. bxc5 bxc5 25. Rb6 fxg3 26. hxg3 Nf5 27. Qb3 Be3 28. Qb5
Qd8 29. Ne4 Ra2 30. Rb7 Bxf2 31. Rxf2 h4 32. Rd7 Ne3+ 33. Kh3 Qc8 34. Nxd6 hxg3
35. Kxg3 Nf5+ 36. Nxf5 Rxf5 37. Rh2 Qf8 38. Qc6 1-0

[Event "4NCL 2014-15"]
[Site "Hinckley Island ENG"]
[Date "2015.03.28"]
[Round "7.123"]
[White "Mason, Donald J"]
[Black "Wells, Peter K"]
[Result "0-1"]
[BlackTitle "GM"]
[WhiteElo "2138"]
[BlackElo "2457"]
[WhiteTeam "Warwickshire Select 1"]
[BlackTeam "White Rose 1"]
[WhiteFideId "405116"]
[BlackFideId "400327"]
[EventDate "2014.11.15"]

1. d4 Nf6 2. c4 e6 3. Nf3 d5 4. Nc3 dxc4 5. e3 a6 6. Bxc4 b5 7. Be2 Bb7 8. O-O
Nbd7 9. b3 Be7 10. Bb2 O-O 11. a4 b4 12. Nb1 c5 13. Nbd2 Nd5 14. Nc4 Rc8 15. Rc1
N7f6 16. Bd3 Nc3 17. Bxc3 bxc3 18. Rxc3 Bxf3 19. Qxf3 cxd4 20. exd4 Qxd4 21. Rd1
Qc5 22. Bc2 g6 23. Rcd3 Nd5 24. Rd4 Bf6 25. Rg4 Bg7 26. h4 f5 27. Rg3 Nf6 28.
Qe2 Ng4 29. h5 gxh5 30. Rh3 Rcd8 31. Rxh5 Rxd1+ 32. Bxd1 Nxf2 33. Qxe6+ Kh8 34.
Nd6 Ne4+ 0-1

[Event "4NCL 2014-15"]
[Site "Hinckley Island ENG"]
[Date "2015.03.28"]
[Round "7.124"]
[White "McNab, Colin A"]
[Black "Lawton, Geoff W"]
[Result "1/2-1/2"]
[WhiteTitle "GM"]
[BlackTitle "IM"]
[WhiteElo "2426"]
[BlackElo "2389"]
[WhiteTeam "White Rose 1"]
[BlackTeam "Warwickshire Select 1"]
[WhiteFideId "2400030"]
[BlackFideId "400483"]
[EventDate "2014.11.15"]

1. c4 g6 2. g3 Bg7 3. Nf3 Nf6 4. d4 O-O 5. Bg2 d6 6. O-O c6 7. b3 Qa5 8. h3 e5
9. Bd2 Qc7 10. Nc3 e4 11. Ne1 d5 12. Rc1 Qd8 13. Nc2 Be6 14. cxd5 cxd5 15. Na4
b6 16. Kh2 Nc6 17. e3 Rc8 18. Nb4 Bd7 19. Qe2 Qe7 20. Na6 Rfd8 21. Nc3 Qa3 22.
Rb1 Qe7 23. Nb5 Bf8 24. Rfc1 Be8 25. b4 h5 26. Nbc7 h4 27. Nxe8 hxg3+ 28. fxg3
Qxe8 29. Be1 Bd6 30. Kg1 Qe6 31. g4 Kg7 32. Rc2 Nb8 33. Rbc1 Rxc2 34. Rxc2 Nxa6
35. Qxa6 Bb8 36. Qb7 Ne8 37. Bf1 Nd6 38. Qa6 f5 39. g5 Nf7 40. Rg2 f4 41. Rg4
Qf5 42. exf4 Bxf4 43. Qe2 Nxg5 44. Bg2 Ne6 45. Bc3 Rc8 46. Bb2 Bd6 47. Bxe4 dxe4
48. d5+ Be5 49. dxe6 e3 50. Rg2 Bxb2 51. Qxb2+ Qf6 52. e7 Re8 53. Qxf6+ Kxf6 54.
Kf1 Rxe7 55. Ke2 1/2-1/2

[Event "4NCL 2014-15"]
[Site "Hinckley Island ENG"]
[Date "2015.03.28"]
[Round "7.125"]
[White "Lam, Paul G M"]
[Black "Palliser, Richard J D"]
[Result "1-0"]
[BlackTitle "IM"]
[WhiteElo "2123"]
[BlackElo "2444"]
[WhiteTeam "Warwickshire Select 1"]
[BlackTeam "White Rose 1"]
[WhiteFideId "411566"]
[BlackFideId "407372"]
[EventDate "2014.11.15"]

1. e4 c5 2. Nf3 d6 3. d4 cxd4 4. Qxd4 Nc6 5. Bb5 Bd7 6. Bxc6 bxc6 7. O-O e5 8.
Qd3 Qc7 9. c4 Ne7 10. Nc3 Ng6 11. b3 Be7 12. Ne2 O-O 13. Ng3 Rfd8 14. Qc3 f6 15.
h4 Qb7 16. h5 Nh8 17. Nh4 g6 18. f4 Be8 19. Ngf5 gxf5 20. Qg3+ Kf7 21. Nxf5 Bf8
22. fxe5 dxe5 23. Nh6+ Bxh6 24. Bxh6 Qe7 25. Bg7 Rd3 26. Qxd3 Kxg7 27. Qg3+ Kf8
28. Qh4 Rd8 29. Rxf6+ Nf7 30. Raf1 Rd6 31. h6 Rxf6 32. Rxf6 Qc5+ 33. Rf2 Qe3 34.
Qf6 Qxe4 35. Qd6+ Kg8 36. Qe7 1-0

[Event "4NCL 2014-15"]
[Site "Hinckley Island ENG"]
[Date "2015.03.28"]
[Round "7.126"]
[White "Townsend, M Paul"]
[Black "James, Ann-Marie"]
[Result "1-0"]
[BlackTitle "WFM"]
[WhiteElo "2249"]
[BlackElo "2068"]
[WhiteTeam "White Rose 1"]
[BlackTeam "Warwickshire Select 1"]
[WhiteFideId "402320"]
[BlackFideId "403644"]
[EventDate "2014.11.15"]

1. Nf3 Nf6 2. c4 e6 3. g3 d5 4. Bg2 Be7 5. O-O O-O 6. d4 dxc4 7. Qc2 a6 8. a4
Bd7 9. Rd1 Bc6 10. Nc3 Bxf3 11. Bxf3 c6 12. a5 Nbd7 13. Qa4 Nd5 14. Qxc4 Bg5 15.
Bxg5 Qxg5 16. e4 Nc7 17. Qb4 Nb5 18. e5 Ra7 19. Nxb5 axb5 20. a6 bxa6 21. Bxc6
Nb8 22. Be4 Rc8 23. f4 Qd8 24. Rac1 Rxc1 25. Rxc1 Rd7 26. Rd1 g6 27. Kf2 Qb6 28.
Rd3 Kg7 29. Qc5 Qd8 30. Ke3 Rc7 31. Qb6 Qc8 32. d5 Rb7 33. Qd4 Qc1+ 34. Kf2 Rc7
35. Rd1 Qc4 36. d6 Qxd4+ 37. Rxd4 Ra7 38. Rd1 a5 39. Rc1 Na6 40. Rc6 1-0

[Event "4NCL 2014-15"]
[Site "Hinckley Island ENG"]
[Date "2015.03.28"]
[Round "7.127"]
[White "Stepanyan, Henrik"]
[Black "Weller, Jean-Luc"]
[Result "1/2-1/2"]
[WhiteElo "2042"]
[BlackElo "2233"]
[WhiteTeam "Warwickshire Select 1"]
[BlackTeam "White Rose 1"]
[WhiteFideId "401030"]
[BlackFideId "421936"]
[EventDate "2014.11.15"]

1. d4 e6 2. Nf3 d5 3. c4 c6 4. g3 Bd6 5. Bg2 Nd7 6. Qc2 f5 7. O-O Ngf6 8. cxd5
cxd5 9. Nc3 a6 10. Rd1 O-O 11. Bf4 Bxf4 12. gxf4 Ne4 13. e3 Ndf6 14. Ne5 Bd7 15.
Rac1 Nd6 16. Na4 Bxa4 17. Qxa4 b5 18. Qb4 a5 19. Qc5 Rc8 20. Qa7 Ra8 21. Qc7 Nc4
22. Qxd8 Rfxd8 23. b3 Nd6 24. Nc6 Rd7 25. Ne5 Rdd8 26. Nc6 Rd7 27. Ne5 Rb7 28.
Rc6 Nfe8 29. a3 Kf8 30. Bf1 Ke7 31. Rc2 a4 32. b4 Nc4 33. Rc3 Ned6 34. f3 Rf8
35. Kf2 Nxe5 36. fxe5 Nc4 37. Bxc4 dxc4 38. f4 Rd7 39. Kf3 Rfd8 40. Rg1 Rg8 41.
h4 Kf7 42. Rg2 Ke7 43. Rd2 Rgd8 44. Rg2 Kf7 45. Rg1 Kf8 46. Rg2 Rf7 47. h5 Ke7
48. Rd2 g6 49. h6 Rff8 50. Rg2 Rg8 1/2-1/2

[Event "4NCL 2014-15"]
[Site "Hinckley Island ENG"]
[Date "2015.03.28"]
[Round "7.128"]
[White "Vrbova, Niki"]
[Black "Fallowfield, Jeremy R"]
[Result "1-0"]
[WhiteTitle "WFM"]
[WhiteElo "2139"]
[BlackElo "2047"]
[WhiteTeam "White Rose 1"]
[BlackTeam "Warwickshire Select 1"]
[WhiteFideId "14906341"]
[BlackFideId "405450"]
[EventDate "2014.11.15"]

1. e4 g6 2. g3 d5 3. e5 c5 4. d4 Nc6 5. c3 cxd4 6. cxd4 h5 7. Nc3 Bf5 8. Bd3
Bxd3 9. Qxd3 e6 10. Nf3 Nh6 11. Bg5 Be7 12. Bxe7 Qxe7 13. O-O Nf5 14. a3 g5 15.
Nxd5 exd5 16. Qxf5 g4 17. Nh4 Nxd4 18. Qd3 Ne6 19. Nf5 1-0

[Event "4NCL 2014-15"]
[Site "Hinckley Island ENG"]
[Date "2015.03.28"]
[Round "7.131"]
[White "Merry, Alan B"]
[Black "Smerdon, David"]
[Result "1/2-1/2"]
[WhiteTitle "FM"]
[BlackTitle "GM"]
[WhiteElo "2349"]
[BlackElo "2519"]
[WhiteTeam "The AD's"]
[BlackTeam "Guildford 2"]
[WhiteFideId "418811"]
[BlackFideId "3202305"]
[EventDate "2014.11.15"]

1. d4 e6 2. c4 f5 3. Nf3 Nf6 4. Bf4 b6 5. e3 Bb7 6. Be2 g6 7. O-O Bg7 8. h3 Ne4
9. Nfd2 O-O 10. Nxe4 Bxe4 11. Nc3 Bb7 12. Bf3 Qc8 13. Bxb7 Qxb7 14. Rc1 Nc6 15.
Bh2 Nd8 16. b4 Nf7 17. c5 a5 18. Qb3 bxc5 19. bxc5 Qxb3 20. axb3 Ra7 21. Nb5 Rb7
22. Nxc7 e5 23. Nd5 exd4 1/2-1/2